000 00331nab a22001097u 4500
008 130520b2003 xxu||||| |||| 00| 0 spa d
041 _aspa
100 1 _aKhalidi, Tarif
_971385
245 0 0 _aEl islam: Jesús y el mundo del diálogo
_cTarif Khalidi
773 0 _tConcilium
_gnº302,2003,págs. 71-84
_x0210-1041
_wRev134
942 _cAR
999 _c366200
_d366200